000 01100nam a2200325 i 4500
001 000044831
003 DO-SdBPM
005 20241122093712.0
007 ta
008 150113s2018 dr 000 0 spa d
020 _a
022 _a24103640
040 _aDO-SdBPM
_bspa
_cBPMSU
_erda
082 4 _a346.72930482
_bA636d 2018
_222
245 0 0 _aAnuario dominicano de propiedad intelectual :
_b 2018 /
_ceditora, Ana Carolina Blanco.
264 _aSanto Domingo :
_bFUNGLODE,
_c2018
300 _a191 páginas ;
_c23 cm.
336 _2rdacontent
_atexto
_btxt
337 _2rdamedia
_asin mediación
_bn
338 _2rdacarrier
_avolumen
_bnc
500 _aIncluye referencias bibliográficas y notas al píe de las páginas
504 _aBibliografía : p. 189-191
590 _aInventariado, 2024/VM
650 4 _aPropiedad intelectual
650 4 _aDerechos de autor
_zRepública Dominicana
700 1 _aBlanco, Ana Carolina,
_eeditora
710 2 _aFundación Global Democracia y Desarroyo (República Dominicana)
910 _aVMateo V. Control de calidad BPMSU
942 _2ddc
_cBK
999 _c14869
_d14869